00564 2200193 4500001002100000005001500021035002000036007000300056008004100059020002200100082000800122084001200130245007700142250001100219260005100230300004500281650002800326990001600354INLIS00000000000101320210730074529 a0010-0721000051ta210730 d 0 ind  a978-602-424-259-6 a928 a928 HAT aHatta : Jejak yang Melampui Zaman :bSeri Buku Saku Tempo : Bapak Bangsa acet. 1 aJakarta :bKepustakaan Populer Gramedia,c2017 axiv + 182 hlm. :bIlus. ;c11 cm X 16 cm aSejarah Tokoh Indonesia a00000011130